[Event "East Lansing (MOR/6/14)"]
[Site "?"]
[Date "1995.??.??"]
[Round "?"]
[White "Boyle, John"]
[Black "Charette, K."]
[Result "1-0"]
[WhiteElo "1605"]
[BlackElo "1605"]
[PlyCount "119"]
[EventDate "1995.??.??"]

{6/(14)} 1. d4 d5 2. e3 Nf6 3. Bd3 g6 4. Nd2 Bg7 5. f4 Bg4 6. Ngf3 Nbd7 7. O-O
O-O 8. h3 Bxf3 9. Nxf3 c5 10. c3 c4 11. Bc2 Ne4 12. Ne5 Nxe5 13. fxe5 f6 14.
exf6 Bxf6 15. Qg4 Ng5 16. h4 Nf7 17. Rf3 Qe8 18. Bxg6 Nh6 19. Qe6+ Nf7 20.
Bxh7+ Kxh7 21. Qf5+ Kh8 22. Qh5+ Kg8 23. Rg3+ Bg7 24. Qg6 Ng5 25. Qxe8 Raxe8
26. Rxg5 e6 27. h5 Kf7 28. Bd2 Bf6 29. Rf1 Ke7 30. Rg6 Rf7 31. g4 Ref8 32. Kg2
Rg7 33. Rfxf6 Rxg6 34. Rxg6 b5 35. h6 Rh8 36. Rg7+ Kf8 37. Be1 Rxh6 38. Rxa7
Rg6 39. Kg3 Rf6 40. Rb7 Rf1 41. Bf2 Ra1 42. a3 Rb1 43. Rxb5 Kf7 44. a4 Rh1 45.
a5 Rh8 46. a6 Ra8 47. Rb7+ Kg6 48. a7 Kf6 49. Kf3 Kg5 50. Bg3 Kf6 51. Bc7 Kg5
52. Bb6 Rf8+ 53. Kg3 e5 54. Rb8 Rxb8 55. axb8=Q e4 56. Qe5+ Kg6 57. Qf5+ Kg7
58. Bd8 Kg8 59. Qd7 Kf8 60. Bf6 1-0

[Event "East Lansing (Class C/3/6)"]
[Site "?"]
[Date "1995.??.??"]
[Round "?"]
[White "Boyle, John"]
[Black "Alliston, Richard"]
[Result "1/2-1/2"]
[WhiteElo "1605"]
[BlackElo "1605"]
[PlyCount "79"]
[EventDate "1995.??.??"]

{3/(6)} 1. d4 d5 2. e3 Nf6 3. Bd3 e6 4. Nd2 Be7 5. f4 Nbd7 6. Ngf3 c5 7. c3 a6
8. O-O b5 9. Ne5 Bb7 10. Qf3 g6 11. Qh3 cxd4 12. exd4 Nh5 13. g4 Ng7 14. Qh6
Bf8 15. Qh3 Be7 16. f5 Nxe5 17. dxe5 Bc5+ 18. Kh1 exf5 19. gxf5 d4+ 20. Nf3
dxc3 21. fxg6 Qxd3 22. gxf7+ Kf8 23. Bh6 cxb2 24. Bxg7+ Kxg7 25. Rg1+ Bxg1 26.
Rxg1+ Kxf7 27. e6+ Ke7 28. Qh4+ Kd6 29. Qb4+ Kc7 30. Qc5+ Kd8 31. Qb6+ Ke8 32.
Qxb7 b1=Q 33. Qxa8+ Ke7 34. Qb7+ Kxe6 35. Qc6+ Kf5 36. Nh4+ Kf4 37. Ng2+ Ke5
38. Qc7+ Kf6 39. Qc6+ Ke7 40. Qc7+ 1/2-1/2

[Event "East Lansing (Class DE/3/8)"]
[Site "?"]
[Date "1995.??.??"]
[Round "?"]
[White "Boyer, Mike"]
[Black "Simmons, P."]
[Result "1/2-1/2"]
[WhiteElo "1605"]
[BlackElo "1605"]
[PlyCount "72"]
[EventDate "1995.??.??"]

{3/(8)} 1. e4 d5 2. exd5 Nf6 3. Nc3 Nxd5 4. Nxd5 Qxd5 5. Nf3 e5 6. d3 Nc6 7.
Be2 Bf5 8. O-O Bc5 9. Be3 O-O-O 10. Bxc5 Qxc5 11. Qc1 Nd4 12. Nxd4 exd4 13. a3
h6 14. Qd1 Kb8 15. Rb1 g5 16. b4 Qb5 17. Bg4 Bxg4 18. Qxg4 h5 19. Qe2 Rde8 20.
Qd2 g4 21. Rfe1 f5 22. Rxe8+ Qxe8 23. Re1 Qg6 24. Qf4 Re8 25. Rxe8+ Qxe8 26.
Qd2 h4 27. g3 h3 28. Kf1 Qc6 29. Qg5 Qh1+ 30. Ke2 Qf3+ 31. Ke1 b6 32. a4 Qh1+
33. Ke2 Qxh2 34. Qd8+ Kb7 35. Qd5+ Kc8 36. Qxf5+ Kd8 1/2-1/2

[Event "East Lansing (Class DE/1/8)"]
[Site "?"]
[Date "1995.??.??"]
[Round "?"]
[White "Boyer, Mike"]
[Black "Marson, Michael"]
[Result "0-1"]
[WhiteElo "1605"]
[BlackElo "1605"]
[PlyCount "122"]
[EventDate "1995.??.??"]

{1/(8)} 1. e4 e6 2. d4 d5 3. e5 c5 4. c3 cxd4 5. cxd4 Nc6 6. Bb5 Qa5+ 7. Nc3
Bb4 8. Bxc6+ bxc6 9. Bd2 c5 10. Nf3 cxd4 11. Nxd4 Bb7 12. Nb3 Qc7 13. Nb5 Qxe5+
14. Qe2 Bxd2+ 15. Nxd2 Qxe2+ 16. Kxe2 Kd7 17. Rac1 Ba6 18. a4 Bxb5+ 19. axb5
Ne7 20. Nb3 Rhc8 21. Rhd1 Kd6 22. Ra1 Rc2+ 23. Rd2 Rxd2+ 24. Kxd2 Rb8 25. Ra6+
Rb6 26. Rxa7 Rxb5 27. Kc2 e5 28. f3 f6 29. Ra6+ Nc6 30. Ra8 Rb8 31. Ra6 Kd7 32.
Nc5+ Kd6 33. Nb3 Kc7 34. Nc5 Nb4+ 35. Kb1 Nxa6 36. Nxa6+ Kb7 37. Nxb8 Kxb8 38.
Kc2 Kb7 39. b3 Kb6 40. Kd3 Kb5 41. h3 Kb4 42. Kc2 h5 43. g4 hxg4 44. hxg4 g6
45. Kb2 f5 46. g5 e4 47. fxe4 dxe4 48. Kc2 e3 49. Kd3 f4 50. Ke2 Kxb3 51. Kf3
Kc3 52. Ke2 Kc2 53. Ke1 Kd3 54. Kd1 e2+ 55. Ke1 f3 56. Kf2 Kd2 57. Kxf3 e1=Q
58. Kf4 Qe3+ 59. Kg4 Ke2 60. Kh4 Kf2 61. Kg4 Qg3# 0-1

[Event "East Lansing (Class DE/4/11)"]
[Site "?"]
[Date "1995.??.??"]
[Round "?"]
[White "Boyer, Mike"]
[Black "Gaiefsky, Joey"]
[Result "1/2-1/2"]
[WhiteElo "1605"]
[BlackElo "1605"]
[PlyCount "126"]
[EventDate "1995.??.??"]

{4/(11)} 1. e4 e5 2. Nf3 Nc6 3. d3 Bc5 4. Be2 Nf6 5. h3 d6 6. Nc3 Be6 7. Ng5
Qe7 8. Nxe6 Qxe6 9. Bd2 d5 10. exd5 Nxd5 11. Bg4 Qf6 12. Ne4 Qe7 13. Nxc5 Qxc5
14. Bf3 O-O-O 15. Bxd5 Qxd5 16. Qg4+ Kb8 17. Qe4 Qe6 18. O-O f5 19. Qe2 Nd4 20.
Qd1 e4 21. Re1 Rde8 22. Bc3 Nb5 23. Qd2 Nxc3 24. Qxc3 Qh6 25. dxe4 fxe4 26.
Rad1 Re7 27. Rd4 Rhe8 28. Qe3 Qxe3 29. Rxe3 a6 30. Rd1 h6 31. Kh2 g5 32. f3
exf3 33. Rxe7 Rxe7 34. gxf3 Re2+ 35. Kg3 Rxc2 36. Rd8+ Ka7 37. Rh8 Rc6 38. Kg4
Rc4+ 39. Kg3 Rh4 40. Rh7 Kb6 41. Rf7 c6 42. f4 Kc5 43. fxg5 hxg5 44. Rxb7 Kd6
45. Ra7 Ra4 46. a3 c5 47. Rg7 c4 48. Rxg5 c3 49. bxc3 Rxa3 50. h4 Rxc3+ 51. Kg4
Rc4+ 52. Kh3 Rc3+ 53. Kg4 Rc4+ 54. Kh5 Re4 55. Rg6+ Re6 56. Rxe6+ Kxe6 57. Kg6
Ke7 58. Kg7 a5 59. h5 a4 60. h6 a3 61. h7 a2 62. h8=Q a1=Q+ 63. Kh7 Qxh8+
1/2-1/2

[Event "East Lansing (Beg/1/8)"]
[Site "?"]
[Date "1995.??.??"]
[Round "?"]
[White "Bourbeau, R."]
[Black "Banks, David"]
[Result "0-1"]
[WhiteElo "1605"]
[BlackElo "1605"]
[PlyCount "72"]
[EventDate "1995.??.??"]

{1/(8)} 1. e4 e5 2. Nf3 d6 3. d4 Bg4 4. Be2 Bxf3 5. Bxf3 exd4 6. Qxd4 Nc6 7.
Qc4 Nf6 8. e5 Nxe5 9. Qa4+ c6 10. O-O Nxf3+ 11. gxf3 Nd5 12. Re1+ Be7 13. c4
Nf6 14. Bg5 O-O 15. b4 d5 16. b5 cxb5 17. Qxb5 h6 18. Bxf6 Bxf6 19. Rd1 Bxa1
20. Rxd5 Qe7 21. c5 Rad8 22. Qc4 Qe1+ 23. Kg2 Rxd5 24. Qxd5 Qxb1 25. a4 Re8 26.
c6 Qg6+ 27. Kh3 bxc6 28. Qd7 Re1 29. Qc8+ Kh7 30. Qg4 Qc2 31. Kg2 Re2 32. Qg3
Bd4 33. Kh3 Rxf2 34. a5 Qf5+ 35. Qg4 Rxf3+ 36. Kh4 Bf6+ 0-1

[Event "Troy (US Am N/2/11)"]
[Site "?"]
[Date "1995.??.??"]
[Round "?"]
[White "Bostic, Donald"]
[Black "McKenna, J."]
[Result "1-0"]
[WhiteElo "1740"]
[BlackElo "1965"]
[PlyCount "69"]
[EventDate "1995.??.??"]

{2/(11)} 1. d4 c5 2. e3 e6 3. Bd3 Nf6 4. Nf3 Be7 5. Nbd2 Nc6 6. c3 d5 7. b3 O-O
8. O-O Bd7 9. Ne5 Be8 10. f4 cxd4 11. exd4 Qb6 12. Bb2 Bd6 13. Kh1 Ne7 14. Qe1
Bb5 15. c4 dxc4 16. bxc4 Ba6 17. Rb1 Qa5 18. Ne4 Qxe1 19. Rfxe1 Nxe4 20. Rxe4
Rac8 21. c5 Bxd3 22. Nxd3 Bb8 23. Ba3 Rc6 24. Rxb7 Ra6 25. Bb4 Nc6 26. h3 Nxb4
27. Nxb4 Ra4 28. Nc6 Bxf4 29. Rxf4 f6 30. Rxa7 Rc4 31. Ne7+ Kh8 32. Rh4 Re8 33.
c6 g5 34. Ng6+ Kg8 35. Rhxh7 1-0

[Event "Troy (US Am N/6/22)"]
[Site "?"]
[Date "1995.??.??"]
[Round "?"]
[White "Bostic, Donald"]
[Black "Juntunen, Michael"]
[Result "1-0"]
[WhiteElo "1740"]
[BlackElo "1605"]
[PlyCount "67"]
[EventDate "1995.??.??"]

{6/(22)} 1. d4 Nf6 2. Nf3 e6 3. e3 Nc6 4. c3 Be7 5. Bd3 d5 6. O-O O-O 7. Nbd2
Nh5 8. Ne5 Nxe5 9. dxe5 g6 10. f4 f6 11. g4 Ng7 12. exf6 Bxf6 13. g5 Be7 14.
Nf3 b6 15. Qe1 Bb7 16. b3 c5 17. Ba3 Nf5 18. Rd1 Qc7 19. c4 Rad8 20. Qe2 d4 21.
exd4 Bxf3 22. Qxf3 Nxd4 23. Qe4 Bd6 24. Bc1 Qd7 25. Be2 Qe7 26. Bg4 Nf5 27. Bb2
Rde8 28. Rfe1 Nd4 29. Bxd4 cxd4 30. Bxe6+ Rf7 31. Bxf7+ Kxf7 32. Qd5+ Qe6 33.
Rxe6 Rxe6 34. Re1 1-0

[Event "Troy (US Am N/5/13)"]
[Site "?"]
[Date "1995.??.??"]
[Round "?"]
[White "Bostic, Donald"]
[Black "Calton, David A"]
[Result "0-1"]
[WhiteElo "1740"]
[BlackElo "2000"]
[PlyCount "132"]
[EventDate "1995.??.??"]

{5/(13)} 1. d4 g6 2. Nf3 Bg7 3. e3 d6 4. Bd3 Nc6 5. c3 e5 6. O-O f5 7. e4 Bd7
8. Bg5 Bf6 9. Bxf6 Qxf6 10. d5 Nce7 11. Qb3 b6 12. Nbd2 a6 13. a4 a5 14. Bb5
Bxb5 15. Qxb5+ Kf7 16. Qd7 Rc8 17. h4 h6 18. g3 fxe4 19. Nh2 Qf5 20. Qxf5+ gxf5
21. c4 Nf6 22. Rac1 Rhg8 23. Kh1 Rg7 24. Rg1 Rcg8 25. Rce1 Ng4 26. Nxg4 Rxg4
27. Kh2 Ng6 28. Kh3 Nf8 29. Nf1 Nd7 30. Ne3 R4g6 31. Nxf5 Kf6 32. Ne3 h5 33.
Nc2 Nc5 34. Re2 Nxa4 35. Ne3 Nc5 36. Nd1 Ke7 37. Nc3 Rg4 38. Nb5 Kd7 39. Na7
Nd3 40. Kh2 Rf8 41. Rf1 Rf3 42. Kg1 Nc5 43. Kg2 Rb3 44. Rfe1 Nd3 45. Rxe4 Nxe1+
46. Rxe1 Rxb2 47. Re3 Rxc4 48. Rf3 a4 49. Nc6 Rxc6 50. dxc6+ Kxc6 51. Rc3+ Kd7
52. g4 hxg4 53. h5 Rb5 54. Kg3 Ra5 55. Ra3 Ra8 56. Kxg4 b5 57. h6 b4 58. Ra1 a3
59. Kg5 c5 60. Kg6 c4 61. Kg7 c3 62. h7 c2 63. f3 Kc6 64. Kg6 Rc8 65. f4 b3 66.
fxe5 b2 0-1

[Event "Grand Rapids (MI Am/5/3)"]
[Site "?"]
[Date "1995.??.??"]
[Round "?"]
[White "Bolda, M."]
[Black "Sheridan, Gregory"]
[Result "1-0"]
[WhiteElo "1790"]
[BlackElo "1835"]
[PlyCount "59"]
[EventDate "1995.??.??"]

{5/(3)} 1. d4 Nf6 2. c4 e6 3. Nc3 d5 4. Bf4 c5 5. cxd5 Nxd5 6. Nxd5 Qxd5 7.
dxc5 Qc4 8. Bd6 Qb4+ 9. Qd2 Qxd2+ 10. Kxd2 Bxd6 11. cxd6 O-O 12. e4 Nc6 13. f4
e5 14. Bb5 Nd4 15. Ba4 b5 16. Bc2 Nxc2 17. Kxc2 Bb7 18. Kd3 exf4 19. Nf3 Rad8
20. e5 Bxf3 21. gxf3 f6 22. Kd4 fxe5+ 23. Kxe5 Rfe8+ 24. Kd5 Re3 25. Rad1 Kf7
26. Rhe1 Rde8 27. Rxe3 fxe3 28. Re1 e2 29. d7 Re3 30. Kd4 1-0

[Event "Grand Rapids (MI Am/2/16)"]
[Site "?"]
[Date "1995.??.??"]
[Round "?"]
[White "Bolda, M."]
[Black "Moulter, Art"]
[Result "1-0"]
[WhiteElo "1790"]
[BlackElo "1605"]
[PlyCount "45"]
[EventDate "1995.??.??"]

{2/(16)} 1. d4 d5 2. Bf4 Nf6 3. c4 c6 4. Nc3 Bf5 5. e3 e6 6. Qb3 Qb6 7. Qxb6
axb6 8. a3 Nbd7 9. Nf3 Be7 10. h3 O-O 11. Nh4 Bg6 12. Nxg6 fxg6 13. Bd3 Nh5 14.
Bh2 Bb4 15. O-O Bxc3 16. bxc3 Ra4 17. cxd5 exd5 18. e4 Rfa8 19. exd5 cxd5 20.
Bb5 Rxa3 21. Rxa3 Rxa3 22. Bxd7 Kf8 23. Bd6+ 1-0

[Event "Grand Rapids (MI Am/1/9)"]
[Site "?"]
[Date "1995.??.??"]
[Round "?"]
[White "Bolda, Dan H"]
[Black "Williams, C."]
[Result "1-0"]
[WhiteElo "1870"]
[BlackElo "1605"]
[PlyCount "67"]
[EventDate "1995.??.??"]

{1/(9)} 1. e4 d5 2. exd5 Nf6 3. c4 Bg4 4. Be2 Bf5 5. Qb3 Qc8 6. Nf3 e6 7. dxe6
Bxe6 8. d4 Bd6 9. Nc3 O-O 10. Nb5 Be7 11. Bf4 Na6 12. O-O Ne4 13. Bd3 Nd6 14.
Nxd6 cxd6 15. Ng5 Bxg5 16. Bxg5 Bf5 17. Bxf5 Qxf5 18. Be7 Rfe8 19. Bxd6 Re2 20.
Qxb7 Rae8 21. Qxa6 Rxb2 22. Qxa7 h6 23. Bg3 Ree2 24. Qa8+ Kh7 25. Qf3 Qc2 26.
c5 Rxa2 27. Rxa2 Qxa2 28. h3 Qe6 29. Qd3+ g6 30. d5 Qe8 31. d6 Re6 32. d7 Qd8
33. Qd5 Ra6 34. Qxf7+ 1-0

[Event "Grand Rapids (MI Am/5/8)"]
[Site "?"]
[Date "1995.??.??"]
[Round "?"]
[White "Bolda, Dan H"]
[Black "Matias, I.C."]
[Result "0-1"]
[WhiteElo "1870"]
[BlackElo "1630"]
[PlyCount "58"]
[EventDate "1995.??.??"]

{5/(8)} 1. e4 e6 2. d4 d5 3. Nc3 Nf6 4. e5 Nfd7 5. f4 c5 6. Nf3 a6 7. Be3 cxd4
8. Nxd4 Nc6 9. a3 Bc5 10. Nxc6 bxc6 11. Bxc5 Nxc5 12. b4 Nd7 13. Qd4 a5 14. Rb1
O-O 15. Bd3 axb4 16. axb4 Qh4+ 17. g3 Qe7 18. O-O Ba6 19. Ne2 Bxd3 20. Qxd3 c5
21. b5 Nb6 22. Qb3 Nc4 23. Qc3 Ra3 24. Rb3 Rfa8 25. Rf3 Qb7 26. Qd3 Qb6 27. f5
Rxb3 28. cxb3 Nxe5 29. Qc3 c4+ 0-1

[Event "Grand Rapids (MI Am/4/11)"]
[Site "?"]
[Date "1995.??.??"]
[Round "?"]
[White "Bolda, Dan H"]
[Black "Conlon, G."]
[Result "1-0"]
[WhiteElo "1870"]
[BlackElo "1605"]
[PlyCount "89"]
[EventDate "1995.??.??"]

{4/(11)} 1. e4 d5 2. exd5 Qxd5 3. Nc3 Qa5 4. d4 Nf6 5. Bb5+ c6 6. Bd3 Bf5 7.
Nf3 e6 8. O-O Bb4 9. Ne2 Bxd3 10. Qxd3 Nbd7 11. Bf4 O-O-O 12. a3 Be7 13. b4 Qb6
14. Rfb1 Nd5 15. Bg3 N7f6 16. b5 Nh5 17. bxc6 Qxc6 18. Ne5 Qc7 19. Nxf7 Nxg3
20. hxg3 Bf6 21. Nxh8 Rxh8 22. Rb5 b6 23. c4 Ne7 24. Rab1 Kd7 25. c5 Nd5 26.
cxb6 axb6 27. Rc1 Qd6 28. Rb2 Bd8 29. Qb5+ Ke7 30. a4 Bc7 31. Rbc2 Ra8 32. Rc6
Qd8 33. Nc3 Ra5 34. Nxd5+ Qxd5 35. Rxc7+ Kf6 36. Qxd5 Rxd5 37. R1c4 b5 38. axb5
Rxb5 39. Ra7 Rb1+ 40. Kh2 Rd1 41. Ra6 Rd2 42. f4 h6 43. Rcc6 Kf5 44. Rxe6 Rxd4
45. Re5+ 1-0

[Event "Grand Rapids (MI Am/2/8)"]
[Site "?"]
[Date "1995.??.??"]
[Round "?"]
[White "Bolda, Dan H"]
[Black "Brinks, K."]
[Result "0-1"]
[WhiteElo "1870"]
[BlackElo "1605"]
[PlyCount "95"]
[EventDate "1995.??.??"]

{2/(8)} 1. e4 c6 2. d4 d5 3. e5 Bf5 4. Bd3 Bxd3 5. Qxd3 e6 6. Nf3 h6 7. Be3 Nd7
8. Nbd2 Qb6 9. O-O c5 10. c3 Rc8 11. Qb1 a5 12. Ne1 Qc6 13. f4 Ne7 14. Nef3 g6
15. dxc5 Nf5 16. Nd4 Qa6 17. Nxf5 exf5 18. b4 axb4 19. cxb4 Qb5 20. a4 Qe2 21.
Qe1 Qg4 22. Rf3 Qh5 23. Rh3 Qg4 24. Qf1 Be7 25. Rg3 Qh5 26. Qf3 Qxf3 27. Rxf3
Nb8 28. Nb3 Na6 29. b5 Nxc5 30. Rc1 b6 31. a5 Kd7 32. Nxc5+ Bxc5 33. Bxc5 bxc5
34. Rfc3 c4 35. Kf2 Rc5 36. Rb1 Rb8 37. a6 Rbxb5 38. a7 Ra5 39. Rb7+ Rc7 40.
Rb2 Rcxa7 41. Rh3 Ra2 42. Rxa2 Rxa2+ 43. Ke1 Rxg2 44. Rxh6 d4 45. Rh3 d3 46.
Kd1 Kc6 47. Rg3 Rxg3 48. hxg3 0-1

[Event "East Lansing (Class C/5/13)"]
[Site "?"]
[Date "1995.??.??"]
[Round "?"]
[White "Bloch, Hermann"]
[Black "Vorhauer, Sam"]
[Result "0-1"]
[WhiteElo "1605"]
[BlackElo "1605"]
[PlyCount "39"]
[EventDate "1995.??.??"]

{5/(13)} 1. d4 d5 2. c4 e6 3. Nc3 c6 4. e3 Nf6 5. Bd3 Bd6 6. Nge2 a6 7. c5 Bc7
8. O-O e5 9. f3 Qe7 10. b4 e4 11. fxe4 dxe4 12. Nxe4 Nxe4 13. Bc4 O-O 14. Qb3
Be6 15. Bxe6 fxe6 16. Rxf8+ Kxf8 17. Bb2 Nd7 18. Rf1+ Ndf6 19. Nc3 Kg8 20. Qc2
{[Remainder illegible; 0-1, 26?]} 0-1

[Event "East Lansing (Class C/3/16)"]
[Site "?"]
[Date "1995.??.??"]
[Round "?"]
[White "Bloch, Hermann"]
[Black "Vaughn, Gerald"]
[Result "1-0"]
[WhiteElo "1605"]
[BlackElo "1605"]
[PlyCount "109"]
[EventDate "1995.??.??"]

{3/(16)} 1. d4 d5 2. c4 e6 3. Nc3 Bb4 4. Bd2 c6 5. a3 Be7 6. e3 Nf6 7. Bd3 Nbd7
8. Nge2 Qc7 9. c5 a5 10. O-O Ng4 11. Ng3 h5 12. h3 Ngf6 13. e4 h4 14. Nge2 e5
15. b4 exd4 16. Bf4 Ne5 17. Nxd4 Nh5 18. Bh2 Bg5 19. exd5 Nf4 20. d6 Qd8 21.
Bf5 axb4 22. Na4 Bxf5 23. Nxf5 Qf6 24. Nd4 Nfd3 25. Qe2 O-O 26. axb4 Rfe8 27.
Bxe5 Nxe5 28. Qc2 g6 29. Rae1 Qf4 30. Re4 Qd2 31. Nb6 Qxc2 32. Nxc2 f5 33. Rxe5
Rxe5 34. Nxa8 Re2 35. Nd4 Re4 36. Rd1 Bf6 37. d7 Kf7 38. Nc2 Bd8 39. Nb6 Re2
40. Na3 Rb2 41. Rb1 Rxb1+ 42. Nxb1 Ke7 43. Nc4 Bc7 44. Na5 Kxd7 45. Nxb7 Be5
46. Na5 g5 47. Nc4 Bd4 48. Kf1 Ke6 49. Ke2 f4 50. f3 Kd5 51. Nb6+ Ke6 52. Kd3
Bf2 53. Kc4 Be1 54. Nc3 Bd2 55. Ne4 1-0

[Event "East Lansing (Class C/1/9)"]
[Site "?"]
[Date "1995.??.??"]
[Round "?"]
[White "Bloch, Hermann"]
[Black "Spencer, Gordon"]
[Result "0-1"]
[WhiteElo "1605"]
[BlackElo "1605"]
[PlyCount "82"]
[EventDate "1995.??.??"]

{1/(9)} 1. e4 c5 2. Nf3 e6 3. Bc4 Be7 4. d3 d6 5. O-O Nf6 6. Nc3 O-O 7. h3 a6
8. a3 b5 9. Ba2 Nc6 10. Be3 Bd7 11. Qc1 Qc7 12. Nh2 Na5 13. f4 c4 14. d4 Bc6
15. e5 Nd5 16. Nf3 Nxc3 17. bxc3 dxe5 18. Nxe5 Bd5 19. Nf3 Nb7 20. Nd2 Nd6 21.
Qe1 Qb7 22. Rf2 Bh4 23. Qe2 Bxf2+ 24. Bxf2 Bxg2 25. Bh4 Bd5 26. Kh2 Nf5 27. Be1
Qe7 28. a4 Nh4 29. Qg4 Nf5 30. Bf2 g6 31. Rg1 Kg7 32. Qe2 Qd6 33. Qe5+ Qxe5 34.
dxe5 f6 35. Bc5 Rf7 36. exf6+ Rxf6 37. Nf1 Rc8 38. Bb6 Kg8 39. Bd4 Nxd4 40.
cxd4 Rxf4 41. c3 Rf2+ 0-1

[Event "Grand Rapids (MI Am/3/12)"]
[Site "?"]
[Date "1995.??.??"]
[Round "?"]
[White "Blanchard, Robert"]
[Black "Vangilder, W."]
[Result "1-0"]
[WhiteElo "1645"]
[BlackElo "1605"]
[PlyCount "131"]
[EventDate "1995.??.??"]

{3/(12)} 1. e4 Nc6 2. d4 d5 3. e5 Bf5 4. Nf3 e6 5. Bb5 a6 6. Ba4 b5 7. Bb3 Na5
8. c3 c5 9. Bc2 Bxc2 10. Qxc2 cxd4 11. cxd4 Rc8 12. Qd1 Bb4+ 13. Bd2 Bxd2+ 14.
Nbxd2 Ne7 15. O-O O-O 16. Nb3 Nc4 17. Rb1 Nf5 18. Nc5 Qe7 19. b4 Ra8 20. Ra1
Ra7 21. a3 Rfa8 22. Qd3 Nh4 23. Nxh4 Qxh4 24. f4 Qe7 25. Qc3 Nb6 26. Rfc1 Rc7
27. Qe1 Na4 28. Rc2 Nxc5 29. Rxc5 Rxc5 30. bxc5 Qc7 31. Qb4 a5 32. Qxb5 Rb8 33.
Qd3 a4 34. Rb1 h6 35. h3 Rb7 36. Qc2 Qb8 37. Rxb7 Qxb7 38. Qxa4 Qb1+ 39. Kh2
Qc1 40. Qb4 Qxf4+ 41. Kg1 Qe3+ 42. Kf1 Qf4+ 43. Ke2 Qe4+ 44. Kd1 Qxg2 45. c6
Qf3+ 46. Kc2 Qe2+ 47. Kb3 Qd1+ 48. Kb2 Qe2+ 49. Kc1 Qf1+ 50. Kc2 Qe2+ 51. Qd2
Qc4+ 52. Qc3 Qe2+ 53. Kc1 Qf1+ 54. Kb2 Qe2+ 55. Qc2 Qb5+ 56. Ka2 Qb8 57. c7 Qc8
58. Qc5 Kh7 59. Qb6 Qa8 60. Qb8 Qa6 61. c8=Q Qe2+ 62. Ka1 Qf2 63. Qh8+ Kg6 64.
Qb1+ Kh5 65. Qd1+ Kh4 66. Qg4# 1-0

[Event "Gaylord (NMO/3/12)"]
[Site "?"]
[Date "1995.??.??"]
[Round "?"]
[White "Blanchard, Robert"]
[Black "Vangilder, W."]
[Result "1-0"]
[WhiteElo "1660"]
[BlackElo "1605"]
[PlyCount "48"]
[EventDate "1995.??.??"]

{3/(12)} 1. e4 Nc6 2. Nf3 d6 3. d4 Nf6 4. Bd3 Bg4 5. Be3 e6 6. Qe2 Nb4 7. Nbd2
a6 8. O-O Nxd3 9. Qxd3 d5 10. e5 Bf5 11. Qe2 Nd7 12. Rac1 c5 13. c4 cxd4 14.
Bxd4 Bc5 15. cxd5 Rc8 16. dxe6 Bxe6 17. Nc4 Qb6 18. Bxc5 Nxc5 19. Nd6+ Ke7 20.
Nxc8+ Rxc8 21. a3 Bg4 22. b4 Nb3 23. Rxc8 Bxc8 24. Qd3 Be6 1-0

[Event "East Lansing (MOR/5/3)"]
[Site "?"]
[Date "1995.??.??"]
[Round "?"]
[White "Blanchard, Robert"]
[Black "McGrath, Michael"]
[Result "0-1"]
[WhiteElo "1645"]
[BlackElo "1730"]
[PlyCount "110"]
[EventDate "1995.??.??"]

{5/(3)} 1. e4 e5 2. Nf3 d6 3. d4 exd4 4. Nxd4 g6 5. h3 Bg7 6. c3 Nf6 7. Bd3 O-O
8. O-O Bd7 9. Bg5 Nc6 10. Nf3 Re8 11. Nbd2 Qc8 12. Kh2 Nd8 13. Re1 Ne6 14. Be3
Nh5 15. Bf1 Bc6 16. Qc2 Nc5 17. Bd4 Ne6 18. Be3 Qd7 19. Be2 Ba4 20. Qc1 Bc6 21.
Qc2 Ba4 22. Qc1 Nf6 23. Bd3 Nc5 24. Bxc5 dxc5 25. Bc4 Bc6 26. Qc2 Re7 27. Ng5
Rae8 28. Rad1 Qc8 29. f3 Nh5 30. Nf1 Bd7 31. Qb3 Rf8 32. Re2 h6 33. Nxf7 Rexf7
34. Red2 Be5+ 35. Kh1 Kg7 36. Bxf7 Rxf7 37. Qd5 Bf4 38. Rd3 Bd6 39. e5 Nf4 40.
Qc4 Nxd3 41. Rxd3 b5 42. Qd5 Bf8 43. Ng3 Bxh3 44. Qe4 Be6 45. f4 Bf5 46. Nxf5+
Qxf5 47. Qd5 Qxf4 48. Rf3 Qc1+ 49. Kh2 Rxf3 50. Qxf3 Be7 51. Qd5 Qf4+ 52. g3
Qc4 53. Qd7 Qe2+ 54. Kh3 Qxe5 55. Qxb5 Bd6 0-1

[Event "Gaylord (NMO/4/9)"]
[Site "?"]
[Date "1995.??.??"]
[Round "?"]
[White "Blanchard, Robert"]
[Black "Harrington, K."]
[Result "1/2-1/2"]
[WhiteElo "1660"]
[BlackElo "1605"]
[PlyCount "115"]
[EventDate "1995.??.??"]

{4/(9)} 1. e4 e5 2. Nf3 Nc6 3. Bb5 Bc5 4. O-O a6 5. Ba4 b5 6. Bb3 Bb7 7. c3 h6
8. d4 exd4 9. cxd4 Bb6 10. Be3 Nce7 11. Bc2 d6 12. Nbd2 Nf6 13. h3 Rc8 14. Rc1
c5 15. dxc5 Bxc5 16. Bxc5 dxc5 17. Qe2 O-O 18. Rfd1 Qb6 19. Bb1 Rfe8 20. Nf1
Ng6 21. Ng3 Qe6 22. Re1 Nf4 23. Qe3 N6h5 24. Nxh5 Nxh5 25. Rxc5 Rxc5 26. Qxc5
Nf4 27. Qe3 Ng6 28. Nd4 Qe5 29. b3 Nh4 30. a3 Rd8 31. Nf3 Nxf3+ 32. Qxf3 Rd4
33. Qe3 Rd6 34. f4 Qb2 35. Qc1 Rd2 36. Qxb2 Rxb2 37. b4 Rb3 38. e5 Rxa3 39. f5
Kf8 40. f6 Rb3 41. Ba2 Rb2 42. e6 Rxg2+ 43. Kf1 fxe6 44. fxg7+ Rxg7 45. Rxe6
Rf7+ 46. Ke2 Re7 47. Ke3 Bc8 48. Rxe7 Kxe7 49. h4 Be6 50. Bb1 Kf6 51. Kf4 Bc8
52. Be4 Ke7 53. Ke5 Kd8 54. Kd6 a5 55. bxa5 b4 56. Bd5 Ba6 57. Kc5 Kc7 58. Kxb4
1/2-1/2

[Event "East Lansing (MOR/3/3)"]
[Site "?"]
[Date "1995.??.??"]
[Round "?"]
[White "Blanchard, Robert"]
[Black "Gregory, Kevin"]
[Result "1/2-1/2"]
[WhiteElo "1645"]
[BlackElo "1730"]
[PlyCount "101"]
[EventDate "1995.??.??"]

{3/(3)} 1. e4 c5 2. c3 d6 3. d4 cxd4 4. cxd4 Nf6 5. Bd3 Nc6 6. Nf3 Bg4 7. Be3
g6 8. O-O Bg7 9. h3 Bxf3 10. Qxf3 O-O 11. Nc3 Nh5 12. Ne2 Nb4 13. Bc4 Nc2 14.
Rac1 Nxe3 15. Qxe3 Rc8 16. Bb3 Qb6 17. Rc3 Rxc3 18. Qxc3 Qc6 19. Qe3 Rc8 20.
Rc1 Qd7 21. Rc3 e6 22. Qc1 Rxc3 23. Qxc3 Nf6 24. Bc2 d5 25. f3 h5 26. e5 Ne8
27. Qd3 Bh6 28. Ng3 Ng7 29. Ne2 Qe7 30. Qc3 Nf5 31. Bxf5 gxf5 32. Qc8+ Kg7 33.
Qc3 h4 34. f4 Qd7 35. Kf2 Qc6 36. Qxc6 bxc6 37. Ke3 f6 38. exf6+ Kxf6 39. b4
Bf8 40. a3 Ke7 41. Ng1 Kd7 42. Nf3 Be7 43. Kd3 Bf6 44. Kc3 Ke7 45. Kd3 Kf7 46.
Nd2 Be7 47. Nb3 Bd8 48. Nc5 Ke7 49. Kc3 Bc7 50. Nd3 Bd6 51. Kb3 1/2-1/2

[Event "East Lansing (MOR/7/19)"]
[Site "?"]
[Date "1995.??.??"]
[Round "?"]
[White "Blanchard, Robert"]
[Black "Gregg, Ted"]
[Result "1-0"]
[WhiteElo "1645"]
[BlackElo "1605"]
[PlyCount "95"]
[EventDate "1995.??.??"]

{7/(19)} 1. e4 e5 2. Nf3 Nc6 3. Bb5 a6 4. Ba4 Nf6 5. O-O Be7 6. Re1 b5 7. Bb3
O-O 8. c3 d5 9. exd5 Nxd5 10. Nxe5 Nxe5 11. Rxe5 c6 12. d4 Bd6 13. Re1 Qh4 14.
g3 Qh3 15. Qf3 Bg4 16. Qg2 Qh5 17. h4 Bf3 18. Qh2 Rae8 19. Be3 Nf6 20. Nd2 Ng4
21. Qh3 Nxe3 22. fxe3 Bg4 23. Qg2 Kh8 24. e4 g5 25. e5 Be7 26. hxg5 Bxg5 27.
Ne4 Bf3 28. Bd1 Bxg2 29. Bxh5 Bxe4 30. Rxe4 Re6 31. Rf1 f6 32. Bg4 Re7 33. e6
Rg8 34. Kf2 Rg6 35. Bf5 Rh6 36. Kg2 Rg7 37. Rh1 Rxh1 38. Kxh1 h6 39. b3 a5 40.
c4 bxc4 41. bxc4 Bd2 42. d5 cxd5 43. cxd5 Bb4 44. Rc4 Bd6 45. g4 Rb7 46. Rc6
Be7 47. d6 Bd8 48. Rc8 1-0

[Event "Grand Rapids (MI Am/4/8)"]
[Site "?"]
[Date "1995.??.??"]
[Round "?"]
[White "Blanchard, Robert"]
[Black "Emke, Robert"]
[Result "0-1"]
[WhiteElo "1695"]
[BlackElo "1810"]
[PlyCount "99"]
[EventDate "1995.??.??"]

{4/(8)} 1. e4 e6 2. d4 d5 3. e5 c5 4. c3 Nc6 5. Nf3 cxd4 6. cxd4 Bb4+ 7. Bd2
Qb6 8. Bxb4 Qxb4+ 9. Qd2 Qxd2+ 10. Kxd2 Bd7 11. Nc3 a6 12. Rc1 Nce7 13. Bd3 Ng6
14. g3 N8e7 15. Rc2 O-O 16. h4 Rfc8 17. Rhc1 b5 18. Ng5 h6 19. Nf3 b4 20. Ne2
a5 21. Rc7 Nf8 22. Rxc8 Rxc8 23. Ba6 Rxc1 24. Nxc1 Ba4 25. Nd3 Nd7 26. a3 bxa3
27. bxa3 Bc6 28. Nb2 Kf8 29. Kc3 Ke8 30. Nd2 f6 31. f4 fxe5 32. fxe5 Nf5 33.
Nf1 Kd8 34. Bd3 Ne7 35. Nd2 Kc7 36. Nb3 Kb6 37. Nc1 Bb5 38. Bxb5 Kxb5 39. a4+
Kb6 40. Ne2 Nc6 41. Nf4 Nf8 42. Nbd3 Nd8 43. Nc5 g6 44. Kd3 Kc7 45. Ke3 Kb6 46.
Kf3 Kc7 47. h5 g5 48. Ng6 Nd7 49. Nd3 Nb6 50. Nb2 $138 0-1